| 000 | 00619nam a2200181 i 4500 | ||
|---|---|---|---|
| 001 | 136984 | ||
| 003 | ES-MaACL | ||
| 005 | 20230906195259.0 | ||
| 007 | t| | ||
| 008 | 070214s1962 sp r ||||1| spa d | ||
| 100 | 1 |
_aSaint-Mleux, Jean. _9101544 |
|
| 245 | 1 | 0 |
_a100000 visitas al servicio de la venta / _cJean Saint-Mleux ; traducción del francés por Juan G. Basté ; prólogo de Pedro Prat Gaballí. |
| 260 |
_aBarcelona : _bLabor, _c1962. |
||
| 300 |
_aXX, 312 p. ; _c24 cm. |
||
| 700 | 1 |
_aBasté, Joan ( _d1920-1997) _926347 |
|
| 700 | 1 |
_aPrat Gaballí, Pedro ( _d1885-1962) _993676 |
|
| 852 |
_aES-MaACL _jC-21545 |
||
| 999 |
_c136984 _d136984 |
||